Young runaways : (Record no. 126685)
[ view plain ]
| 000 -LEADER | |
|---|---|
| fixed length control field | 00749nam a22002417a 4500 |
| 005 - DATE AND TIME OF LATEST TRANSACTION | |
| control field | 20170124110013.0 |
| 010 ## - LIBRARY OF CONGRESS CONTROL NUMBER | |
| LC control number | 613141 |
| 020 ## - INTERNATIONAL STANDARD BOOK NUMBER | |
| Terms of availability | 00.00 |
| 035 ## - SYSTEM CONTROL NUMBER | |
| System control number | 613141 |
| 037 ## - SOURCE OF ACQUISITION | |
| Source of stock number/acquisition | Cen Lib/Ret |
| 040 ## - CATALOGING SOURCE | |
| Original cataloging agency | DPL |
| Language of cataloging | EN |
| 082 ## - DEWEY DECIMAL CLASSIFICATION NUMBER | |
| Classification number | 301.428 |
| Item number | KAP |
| 100 ## - MAIN ENTRY--PERSONAL NAME | |
| Personal name | Kapadia, K.M. |
| 9 (RLIN) | 18179 |
| 245 ## - TITLE STATEMENT | |
| Title | Young runaways : |
| Statement of responsibility, etc | by K.M.Kapadia [and] S.Devadas Pillai |
| Remainder of title | a study of children who desert home / |
| 260 ## - PUBLICATION, DISTRIBUTION, ETC. (IMPRINT) | |
| Place of publication, distribution, etc | Bombay |
| Name of publisher, distributor, etc | Popular Prakashan |
| Date of publication, distribution, etc | 1971 |
| 270 ## - ADDRESS | |
| City | Bombay |
| Address | 35 C Tardeo Road |
| 300 ## - PHYSICAL DESCRIPTION | |
| Extent | xii,124p. : |
| Dimensions | 20cm(Hb) |
| 500 ## - GENERAL NOTE | |
| General note | Includes bibliographical references and index |
| 650 ## - SUBJECT ADDED ENTRY--TOPICAL TERM | |
| Topical term or geographic name as entry element | Runaway children |
| 9 (RLIN) | 18180 |
| 650 ## - SUBJECT ADDED ENTRY--TOPICAL TERM | |
| Topical term or geographic name as entry element | Families. |
| Geographic subdivision | |
| 9 (RLIN) | 18181 |
| 700 ## - ADDED ENTRY--PERSONAL NAME | |
| Personal name | Pillai, S.Devadas |
| 9 (RLIN) | 18182 |
| 942 ## - ADDED ENTRY ELEMENTS (KOHA) | |
| Source of classification or shelving scheme | Dewey Decimal Classification |
| Koha item type | English Books |
| Classification part | 301.428 |
| Call number suffix | KAP |
| Withdrawn status | Lost status | Damaged status | Not for loan | Home library | Current library | Date acquired | Source of acquisition | Cost, normal purchase price | Total Checkouts | Full call number | Barcode | Date last seen | Copy number | Cost, replacement price | Price effective from | Koha item type | Public note |
|---|---|---|---|---|---|---|---|---|---|---|---|---|---|---|---|---|---|
| Written off | Central Library | Central Library | 26/06/2015 | Cen Lib/Ret | 0.00 | 301.428 KAP | 613141 | 26/06/2015 | 1 | 0.00 | 26/06/2015 | English Books | W/d list no. 6835/3 |
